Daily Reading from its your time (Record no. 4221)

MARC details
000 -LEADER
fixed length control field 00391nam a22001457a 4500
008 - FIXED-LENGTH DATA ELEMENTS--GENERAL INFORMATION
fixed length control field 250709b |||||||| |||| 00| 0 eng d
020 ## - INTERNATIONAL STANDARD BOOK NUMBER
ISBN 9780857203656
100 ## - MAIN ENTRY--AUTHOR
Author Osteen Joel
245 ## - TITLE STATEMENT
Title Daily Reading from its your time
260 ## - PUBLICATION, DISTRIBUTION, ETC. (IMPRINT)
Place of publication London
Name of publisher free Press
Date of publication 2010
300 ## - COLLATION
Pagination Vii, 279p.
Other physical details ill.
650 ## - TRACINGS
Main Subject Christians-prayers and doctrines
942 ## - ADDED ENTRY ELEMENTS (KOHA)
Item type Books
050 ## - LIBRARY OF CONGRESS CALL NUMBER
Classification number BV 4832.3
Item number .O78
Holdings
Source of classification or shelving scheme Not for loan Permanent location Current location Date acquired Accession No. Full call number Barcode. Koha item type
Library of Congress Classification   Samuel Ogbemudia Main Library, University of Abuja Samuel Ogbemudia Main Library, University of Abuja 07/09/2025 2025/65225 BV 4832.3.O78 2025-2969 Books